000 01195nam a2200325 i 4500
001 000016779
003 DO-SdBPM
005 20250623092218.0
007 ta
008 100310s2000 dr ac r 001 0 spa d
020 _a9993481912
040 _aDO-SdBPM
_bspa
_cBPMSU
_erda
082 4 _a384.697293
_bC531t 2000
_222
100 1 _aChez Checo, José,
_d1949-
_eautor
_4aut.
245 1 3 _aLa telefonía :
_bpresencia y desarrollo en la República Dominicana /
_cJosé Chez Checo ; presentación, Jorge Iván Ramírez.
264 1 _aSanto Domingo :
_bCODETEL,
_c2000.
300 _a426 páginas :
_bilustraciones ; retratos ;
_c27 cm.
336 _atexto
_btxt
_2rdacontent
337 _asin mediación
_bn
_2rdamedia
338 _avolumen
_bnc
_2rdacarrier
490 0 _aColección Cultural Codetel,
_v3
500 _aIncluye datos biográficos del autor en la página 427.
504 _aBibliografías : páginas 414-426.
590 _aInventariado, 2025/VM
650 7 _aEmpresas de telecomunicaciones
_zRepública Dominicana
650 7 _aTelefono
_zRepública Dominicana
_xHistoria
700 1 _aRamírez, Jorge Iván
910 _aVMateo V. Control de calidad. BPMSU
942 _2ddc
_cBK
999 _c15192
_d15192